Gawat : Suatu penjelasan
| Main Author: | |
|---|---|
| Format: | Book |
| Published: |
Petaling Jaya, Selangor :
Mohd Solihan Haji Badri ,
1999
|
| Subjects: |
MARC
| LEADER | 00000cam a2200000 7i4500 | ||
|---|---|---|---|
| 001 | 0000001241 | ||
| 005 | 20140328.0 | ||
| 020 | 0 | 0 | |a 9834021402 |
| 090 | 0 | 0 | |a 330.9595 |b MOH 1999 |
| 100 | 0 | 0 | |a MOHD Solihan Haji Badri |
| 245 | 1 | 0 | |a Gawat : |b Suatu penjelasan |c Mohd Solihan Haji Badri |
| 260 | 0 | 0 | |a Petaling Jaya, Selangor : |b Mohd Solihan Haji Badri , |c 1999 |
| 300 | |a 33 p. : |b ill. ; |c 21 cm. | ||
| 651 | 0 | 0 | |a Malaysia |x Economic conditions |
| 651 | 0 | 0 | |a Malaysia |x Politics and government |
| 998 | |a JPSM | ||
| 999 | |a 0000002749 |b Monograph |c Open Shelf |e Default branch | ||